| 000 | 00896cam a22002897a 4500 | ||
|---|---|---|---|
| 003 | CHAP | ||
| 005 | 20220817041443.0 | ||
| 008 | 971013s1983 r 00010 d | ||
| 010 | _a14949 | ||
| 011 | _a15921 | ||
| 035 | _a19998 | ||
| 040 | _cCHAP | ||
| 082 |
_a301.444 _bG7 |
||
| 100 | 0 | 0 |
_aGranados Roldán, Otto. _950355 |
| 245 | 1 | 4 | _aLas organizaciones campesinas |
| 260 |
_aMéxico, D.F. : _bEd. Océano, _c1983 |
||
| 300 | _a83 p | ||
| 590 |
_aBATCH-UPD _b10 _c20130110 _lUCH01 _h1519 |
||
| 590 |
_aBATCH-UPD _b10 _c20130410 _lUCH01 _h0932 |
||
| 590 |
_aBATCH-UPD _b10 _c20130914 _lUCH01 _h0826 |
||
| 590 |
_aCONVERSION _b10 _c20130109 _lUCH01 _h1309 |
||
| 650 | 1 | 4 |
_aCampesinado _zMéxico. |
| 901 | _aBK | ||
| 942 | _cLIBRO | ||
| 949 |
_a301.444 G7 _bBC _cLIBRO _d-46651 _eLIBRO _fc.2 _h63130 _i19998 _si _t300.00 |
||
| 949 |
_a301.444 G7 _bBC _cLIBRO _d33724000230181 _eLIBRO _h63129 _i19998 _si _t300.00 |
||
| 999 |
_c14949 _d14949 |
||